Statistiques concernant Les plus vastes empires de l'histoire

Cliquez ici pour prendre le quiz!

Statistiques générales

  • Ce quiz a été pris 1 848 fois
  • Le résultat moyen est 14 sur 20

Statistiques - réponses

Superficie (km2)AnnéeEmpire% Correct
6,5 millions117Empire Romain
92%
8,1 millions1754Premier empire colonial français
89%
13 millions1938Second empire colonial français
89%
33,2 millions1922Empire britannique
86%
22,8 millions1866Empire russe
83%
6,5 millions100Dynastie Han
80%
14,7 millions1790Dynastie Qing
80%
6,5 millions1450Dynastie Ming
79%
11 millions663Dynastie Tang
78%
14 millions1310Dynastie Yuan
78%
32 millions1254Empire mongol
78%
6,4 millions1942Troisième Reich
75%
19,4 millions1740-1790Empire espagnol
74%
7,4 millions1942Empire du Japon
72%
10,4 millions1815Empire portugais
63%
8,1 millions480 av J.C.Empire Achéménide
60%
11,1 millions750-1258Califat Abbasside
40%
13 millions661-750Califat Omeyyades
39%
9 millions654Califat Rashidun
38%
8,5 millions1880Empire du Brésil
19%

Distribution des résultats

Percentile par nombre de réponses

% des personnes avec chaque résultat

Votre développement - résultats

Vous n’avez pas pris ce quiz